Every Winner Of The F1 Canadian Grand Prix - Statistics

General Stats
  • This quiz has been taken 24 times
  • The average score is 42 of 54
Answer Stats
Hint Answer % Correct
2007 Lewis Hamilton
100%
2010 Lewis Hamilton
100%
2012 Lewis Hamilton
100%
2015 Lewis Hamilton
100%
2016 Lewis Hamilton
100%
2017 Lewis Hamilton
100%
2019 Lewis Hamilton
100%
2022 Max Verstappen
100%
2023 Max Verstappen
100%
2024 Max Verstappen
100%
1994 Michael Schumacher
100%
1997 Michael Schumacher
100%
1998 Michael Schumacher
100%
2000 Michael Schumacher
100%
2002 Michael Schumacher
100%
2003 Michael Schumacher
100%
2004 Michael Schumacher
100%
2001 Ralf Schumacher
100%
1993 Alain Prost
95%
2025 George Russell
95%
2005 Kimi Raikkonen
95%
2013 Sebastian Vettel
95%
2018 Sebastian Vettel
95%
2006 Fernando Alonso
90%
2011 Jenson Button
90%
1988 Ayrton Senna
86%
1990 Ayrton Senna
86%
2014 Daniel Ricciardo
86%
1978 Gilles Villeneuve
81%
1996 Damon Hill
76%
1971 Jackie Stewart
76%
1972 Jackie Stewart
76%
1999 Mika Hakkinen
76%
1986 Nigel Mansell
76%
2008 Robert Kubica
71%
1974 Emerson Fittipaldi
67%
1967 Jack Brabham
67%
1979 Alan Jones
62%
1980 Alan Jones
62%
1976 James Hunt
62%
1982 Nelson Piquet
57%
1984 Nelson Piquet
57%
1991 Nelson Piquet
57%
1992 Gerhard Berger
52%
1969 Jacky Ickx
48%
1970 Jacky Ickx
48%
1995 Jean Alesi
48%
1968 Denny Hulme
43%
1977 Jody Scheckter
43%
1985 Michele Alboreto
43%
1983 Rene Arnoux
38%
1989 Thierry Boutsen
33%
1981 Jacques Laffite
29%
1973 Peter Revson
29%
No matching quizzes found
Score Distribution
Percent of People with Each Score
Percentile by Number Answered
Your Score History
You have not taken this quiz